| 000 | 01322nam a2200385Ii 4500 | ||
|---|---|---|---|
| 001 | DIGPUCP083 | ||
| 003 | NyNyDIG | ||
| 006 | m o d | ||
| 007 | cr ||||||||||| | ||
| 008 | 130601s2009 pe ob 000 0 spa d | ||
| 020 | _z9789972429040 | ||
| 020 | _z9972429040 | ||
| 035 | _a(OCoLC)888274974 | ||
| 040 |
_aDGITA _beng _epn _cDGITA |
||
| 043 | _as-pe--- | ||
| 050 | 1 | 4 | _aKHQ3702 eBook |
| 100 | 1 |
_aKresalja, Baldo _q(Kresalja Rosselló) |
|
| 245 | 1 | 0 |
_aDerecho constitucional económico / _cBaldo Kresalja, César Ochoa. |
| 250 | _a1a ed. | ||
| 264 | 1 |
_aLima, Peru : _bPontificia Universidad Católica del Perú, Fondo Editorial, _c2009. |
|
| 300 | _a1 online resource (938 pages) | ||
| 336 |
_atext _btxt _2rdacontent |
||
| 337 |
_acomputer _bc _2rdamedia |
||
| 338 |
_aonline resource _bcr _2rdacarrier |
||
| 504 | _aIncludes bibliographical references. | ||
| 651 | 0 |
_aPeru _xEconomic policy. |
|
| 650 | 0 |
_aConstitutional law _zPeru. |
|
| 655 | 0 | _aElectronic books. | |
| 700 | 1 |
_aOchoa, César _q(Ochoa Cardich) |
|
| 791 | 2 |
_aDigitalia (Firm), _edistributor. |
|
| 793 | 0 |
_gDigitalia eBook Collection: _aPontificia Universidad Católica del Perú. |
|
| 856 | 4 | 0 |
_3Digitalia Hispánica _uhttps://www.digitaliapublishing.com/a/9794/ |
| 910 | _aPremium Collection: 2007-2012 | ||
| 942 | _cRAA | ||
| 999 |
_c232193 _d232193 |
||